Capitals - Select World Capitals on Map - Statistics

General Stats
  • This quiz has been taken 60 times
  • The average score is 143 of 200
Answers on the Map
Answers color-coded by a green-red scale on the quiz's map according to % correct below.
 
Answer Stats
Answer % Correct
Ottawa
100%
Amsterdam
92%
Athens
92%
Brussels
92%
Cape Town
92%
Guatemala City
92%
Luxembourg
92%
Mexico City
92%
Monaco
92%
Moscow
92%
New Delhi
92%
Oslo
92%
Panama City
92%
Singapore
92%
Stockholm
92%
Tokyo
92%
Warsaw
92%
Washington D.C.
92%
Abu Dhabi
83%
Andorra la Vella
83%
Ankara
83%
Beijing
83%
Berlin
83%
Bogotá
83%
Brasília
83%
Buenos Aires
83%
Cairo
83%
Copenhagen
83%
Damascus
83%
Djibouti
83%
Dublin
83%
Helsinki
83%
Jakarta
83%
Jerusalem
83%
Kuwait City
83%
Kyiv
83%
Lisbon
83%
London
83%
Madrid
83%
Minsk
83%
Paris
83%
Pretoria
83%
Reykjavik
83%
Riga
83%
San Marino
83%
San Salvador
83%
Sarajevo
83%
Seoul
83%
Sri Jayawardenepura Kotte
83%
Taipei
83%
Windhoek
83%
Zagreb
83%
Addis Ababa
75%
Algiers
75%
Amman
75%
Antananarivo
75%
Baghdad
75%
Baku
75%
Bandar Seri Begawan
75%
Bangkok
75%
Beirut
75%
Belgrade
75%
Bissau
75%
Bratislava
75%
Brazzaville
75%
Budapest
75%
Canberra
75%
Caracas
75%
Chișinău
75%
Dili
75%
Doha
75%
Hanoi
75%
Havana
75%
Islamabad
75%
Kabul
75%
Kathmandu
75%
Kingston
75%
Kuala Lumpur
75%
La Paz
75%
Lima
75%
Ljubljana
75%
Malé
75%
Managua
75%
Manama
75%
Manila
75%
Montevideo
75%
Muscat
75%
Nairobi
75%
Nassau
75%
Naypyidaw
75%
Niamey
75%
Nicosia
75%
Podgorica
75%
Port-au-Prince
75%
Port Moresby
75%
Port-of-Spain
75%
Prague
75%
Pristina
75%
Pyongyang
75%
Quito
75%
Rabat
75%
Rome
75%
Sana'a
75%
San José
75%
Santiago
75%
Santo Domingo
75%
Skopje
75%
Sofia
75%
Tallinn
75%
Tbilisi
75%
Tegucigalpa
75%
Tehran
75%
Thimphu
75%
Tirana
75%
Tripoli
75%
Tunis
75%
Ulaanbaatar
75%
Vaduz
75%
Valletta
75%
Vienna
75%
Vientiane
75%
Vilnius
75%
Wellington
75%
Yerevan
75%
Abuja
67%
Accra
67%
Astana
67%
Asunción
67%
Bamako
67%
Belmopan
67%
Bern
67%
Bloemfontein
67%
Bucharest
67%
Conakry
67%
Cotonou
67%
Dakar
67%
Dhaka
67%
Gaborone
67%
Georgetown
67%
Harare
67%
Juba
67%
Kampala
67%
Khartoum
67%
Kinshasa
67%
Lilongwe
67%
Lomé
67%
Luanda
67%
Maputo
67%
Mogadishu
67%
Moroni
67%
N'Djamena
67%
Nouakchott
67%
Ouagadougou
67%
Paramaribo
67%
Riyadh
67%
São Tomé
67%
Sucre
67%
Vatican City
67%
Victoria
67%
Yamoussoukro
67%
Yaoundé
67%
Apia
58%
Ashgabat
58%
Bangui
58%
Bishkek
58%
Dodoma
58%
Dushanbe
58%
Freetown
58%
Kigali
58%
Libreville
58%
Lusaka
58%
Monrovia
58%
Phnom Penh
58%
Port Louis
58%
Praia
58%
Suva
58%
Tashkent
58%
Asmara
50%
Banjul
50%
Bridgetown
50%
Castries
50%
Gitega
50%
Malabo
50%
Maseru
50%
Mbabane
50%
Porto-Novo
50%
Port Vila
50%
South Tarawa
50%
Yaren
50%
Basseterre
42%
Funafuti
42%
Honiara
42%
Kingstown
42%
Majuro
42%
Ngerulmud
42%
Nuku'alofa
42%
Roseau
42%
Palikir
33%
St. George's
33%
St. John's
33%
No matching quizzes found
Score Distribution
Percent of People with Each Score
Percentile by Number Answered
Your Score History
You have not taken this quiz